000 nam a22 4500
999 _c8823
_d8823
008 180313b ||||| |||| 00| 0 eng d
245 _aDavao artists wins US art contest.
260 _aPhilippines:
_bSun Star Davao,
_cc2017.
300 _apage 12.
650 0 _926779
_aArts
942 _2ddc
_cPER